000 01969cam a22003731i 4500
001 gs 09000198
003 DLC
005 20260227111309.0
008 790420s1909 dcuabf f001 0 eng
010 _ags 09000198
035 _a(OCoLC)4879555
040 _aDLC
_cICharE
_dOCoLC
_dDLC
043 _an-us---
050 0 0 _aQE75
_b.B9 no. 394
051 _aTN23
_b.U75 1909
_cCopy 2.
110 2 _aGeological Survey (U.S.)
245 1 0 _aPapers on the conservation of mineral resources /
_breprinted from Report of the National Conservation Commission, February, 1909.
260 _aWashington :
_bGovt. Print. Off.,
_c1909.
300 _a214 p. :
_bxii pl. (part. fold., incl. maps) diagrs. ;
_c24 cm.
490 1 _aBulletin 394
500 _aContents.- Coal fields of the United States, by M.R. Campbell and E.W. Parker.- Estimates of future coal production, by H. Gannett.- The petroleum resources of the United States, by D.T. Day.- Natural-gas resources of the United States, by D.T. Day.- Peat resources of the United States, exclusive of Alaska, by C.A. Davis.- Iron ores of the United States, by C.W. Hayes.- Resources of the United States in gold, silver, copper, lead, and zinc, by W. Lindgren.- The phosphate deposits of the United States, by F.B. Van Horn.- Mineral resources of Alaska, by A.H. Brooks.
500 _aIncludes index.
650 0 _aMines and mineral resources
_zUnited States.
700 1 _aCampbell, Marius R.
_q(Marius Robinson),
_d1858-1940.
700 1 _aParker, Edward W.
_q(Edward Wheeler),
_d1860-
700 1 _aGannett, Henry,
_d1846-1914.
700 1 _aDay, David T.
_q(David Talbot),
_d1859-1925.
700 1 _aDavis, Charles Albert,
_d1861-1916.
700 1 _aHayes, C. W.
_q(Charles Willard),
_d1859-1916.
700 1 _aLindgren, Waldemar,
_d1860-1939.
700 1 _aVan Horn, Frank Benjamin,
_d1877-
700 1 _aBrooks, Alfred H.
_q(Alfred Hulse),
_d1871-1924.
810 2 _aGeological Survey (U.S.).
_tBulletin ;
_v394.
999 _c24833
_d24833